000 02125cam a22004214i 4500
003 PE-LiUPU
005 20250731175626.0
008 150623s2000 pe a rb 000 0 spa d
035 _a(Sirsi) a24851
040 _aPE-LiUPU
_bspa
_cPE-LiUPU
_dPE-LiUPU
_erda
049 _aPRUA
082 0 4 _a468.2
_bE86
_221
100 1 _aEspinoza Herrera, Nemesio,
_eautor.
245 1 0 _aRedacción para la administración pública y privada: comunicación - gramática - documentación - modelos /
_cNemesio Espinoza Herrera.
264 1 _aLima, Perú :
_bEditorial San Marcos,
_c2000.
300 _a214 páginas :
_bilustraciones ;
_c21 centímetros
336 _atext
_2rdacontent
337 _aunmediated
_2rdamedia
338 _avolume
_2rdacarrier
504 _aIncluye bibliografía.
505 0 _aLa comunicación -- Aspectos gramaticales de la redacción -- Los documentos y la comunicación escrita -- Redacción de documentos: Redacción de correspondencias -- Redacción de documentos contractuales -- Redacción de documentos normativos -- Redacción de documentos resolutivos -- Redacción de documentos certificatorios, varios.
526 _aP145
526 _aP127
526 _aP97
526 _aP35
526 _aP14
526 _aP07
650 0 4 _aRedacción
_xAdministración pública.
942 _2ddc
_cBOOK
949 _a468.2 E86
_wDEWEY
_c1
_i49246
_lCCODEBUL1
_mBUL
_p00.00
_r0
_sY
_tBOOK
_u2015-06-24
_xFCE
_zUNKNOWN
_0COMPRA
_o.STAFF. Colección General
949 _a468.2 E86
_wDEWEY
_c2
_i50606
_lCCODEBUL1
_mBUL
_p00.00
_r0
_sY
_tBOOK
_u2015-06-24
_xFCE
_zUNKNOWN
_0COMPRA
_o.STAFF. Colección Ciencias Empresariales
994 _a
596 _a1
999 _a468.2 E86
_wDEWEY
_c28389
_i49246
_f2019-12-10
_g5
_lDISCARD
_mBUL
_p12.00
_r1
_sY
_tBOOK
_u2015-6-24
_xFCE
_zUNKNOWN
_0COMPRA
_o.STAFF. Colección General
_d28389
999 _a468.2 E86
_wDEWEY
_c2
_i50606
_d2015-9-23
_e2015-9-16
_f2021-11-8
_g6
_lCCODEBUL1
_mBUL
_n1
_p12.00
_r0
_sY
_tBOOK
_u2015-6-24
_xEDUCACION
_zUNKNOWN
_0COMPRA
_o.STAFF. Colección Ciencias Empresariales
980 _81
_gALBERTO SANCHEZ Responsable de Automatización